| 000 | 00895nas a2200265 4500 | ||
|---|---|---|---|
| 001 | BR8707288 | ||
| 003 | BR-BrBNA | ||
| 005 | 20231205090919.0 | ||
| 007 | ta | ||
| 008 | 230509b bl.|||p| |||| 00| 00por d | ||
| 040 |
_aBR-BrBNA _bpor _cBiblioteca Nacional de Agricultura |
||
| 041 | _a(Pt) | ||
| 072 | _aF04 | ||
| 100 | 1 | _aBoaretto, A.E. | |
| 100 | 1 | _aPieri, J.C. de | |
| 100 | 1 | _aChitolina, J.C. | |
| 245 | 1 | _aAplicacao foliar de residuo de fermentacao de farelo de trigo em tomateiro estaqueado (Lycopersicum esculentum, Mill) | |
| 246 | 1 | _aFoliar application of fermented wheat meal residue on tomato crop (Lycopersicum esculentum, Mill) | |
| 650 | _aTOMATE | ||
| 650 | _aADUBACAO FOLIAR | ||
| 650 | _aAMINOACIDO | ||
| 773 | 0 |
_tCientifica (Brazil) _xISSN 0100-0039 _g(1985), v. 13(1-2) p. 129-134 _wBR8707288 |
|
| 909 |
_a202311 _bLúcia _c55 _dLúcia Elande |
||
| 942 |
_2AGRIS _n0 _cANA |
||
| 999 |
_c121606 _d121606 |
||